|
|
|
|
| LEADER |
00000cam a2200000 7i4500 |
| 001 |
0000074621 |
| 005 |
20111024093000.0 |
| 008 |
110621s2010 nju eng |
| 020 |
|
|
|a 0470475358
|
| 020 |
|
|
|a 0470475358 (paperback : alk. paper)
|
| 020 |
|
|
|a 9780470475355
|
| 020 |
|
|
|a 9780470475355 (paperback : alk. paper)
|
| 050 |
0 |
0 |
|a HF5548.4.M523
|b W35 2010
|
| 090 |
0 |
0 |
|a HF5548.4.M523
|b W35 2010
|
| 100 |
1 |
|
|a Walkenbach, John ,
|e author
|
| 245 |
1 |
0 |
|a Excel 2010 power programming with VBA
|c by John Walkenbach
|
| 246 |
3 |
0 |
|a Microsoft Excel 2010 power programming with VBA
|
| 260 |
|
|
|a Hoboken, New Jersey :
|b John Wiley ,
|c c2010
|
| 300 |
|
|
|a xxiv, 1052 p. :
|b ill. ;
|c 24 cm.
|e 1 CD-ROM (4 3/4 in.)
|
| 490 |
1 |
|
|a Mr. Spreadsheet?s bookshelf
|
| 500 |
|
|
|a Includes index
|
| 505 |
0 |
|
|a 1. Some essential background -- 2. Excel application development -- 3. Understanding visual basic for applications -- 4. Working with userforms -- 5. Advanced programming techniques -- 6. Developing applications -- 7. Other topics
|
| 520 |
|
|
|a All the methods and tools you need to successfully program with Excel John Walkenbach's name is synonymous with excellence in computer books that decipher complex technical topics. With this comprehensive guide, "Mr. Spreadsheet?s bookshelf
|
| 630 |
0 |
0 |
|a Microsoft Excel (Computer file)
|
| 630 |
0 |
0 |
|a Microsoft Visual Basic for applications
|
| 650 |
|
0 |
|a Business
|x Computer programs
|
| 650 |
|
0 |
|a Electronic spreadsheets
|
| 650 |
|
0 |
|a Visual programming (Computer science)
|
| 999 |
|
|
|a 1000141483
|b Book
|c OPEN SHELF (30 DAYS)
|e Tembila Campus
|
| 999 |
|
|
|a 1000142922
|b CD-ROM
|c Reference
|e Tembila Campus
|